000 00320nam a2200133Ia 4500
008 221030s9999 xx 000 0 und d
041 _aEnglish
082 _a105.23
100 _aW. G. Rowe
245 0 _aCases in Leadership
_cby W. G. Rowe
260 _bSage Pub.
_aNew Delhi
_c2009
650 _aCase Study
942 _cBK
999 _c8787
_d8787